000 00925nam a2200253Ia 4500
003 GCL
008 140319s9999 xx 000 0 ara d
020 _a3134205977
040 _aGCL /
_cGCL
082 0 4 _a384
_bش و
100 1 _aشاهيناز محمد طلعت
245 1 0 _aوسائل الاعلام والتنمية الاجتماعية: دراسات نظرية مقارنة وميدانية فى المجتمع الريفى /
_cشاهيناز محمد طلعت
250 _aالثالثة
260 _aالقاهرة :
_bمكتبة الانجلوالمصرية ،
_c1995
300 _a456 ص ؛
_c24 سم
650 0 4 _aالراديو
650 0 4 _aالتنمية الاجتماعية
650 0 4 _aالتليفزيون
650 0 4 _aالاتصال
650 0 4 _aالاعلام
650 0 4 _aالصحف
650 0 4 _aوسائل الاعلام - الجوانب الاجتماعية
942 _2ddc
_cBK
999 _c39028
_d39028